| 000 | 00585nam a2200193Ia 4500 | ||
|---|---|---|---|
| 003 | OSt | ||
| 005 | 20240507112230.0 | ||
| 008 | 210210b2003 xxu||||| |||| 00| 0 eng d | ||
| 040 | _cAL | ||
| 041 | _akan | ||
| 082 | _a305.56K SAVL | ||
| 100 |
_aSAVUKARA S KAMBALE. _9163459 |
||
| 245 |
_aLingayuta asprashyaru: ondu adhyayana: _bಲಿಂಗಾಯುತ ಅಸ್ಪ್ರಶ್ಯರು: ಒಂದು ಅಧ್ಯಯನ |
||
| 260 |
_aGadaga _bVirashaiva adhyayana samsthe _c2003 |
||
| 300 | _axvi,114 | ||
| 690 |
_aSocial Classes _9163460 |
||
| 906 | _aSG04262 | ||
| 942 |
_2ddc _cSG |
||
| 999 |
_c115228 _d115228 |
||